LIBRARY & INFORMATION CENTRE, KCAET, TAVANUR

ONLINE PUBLIC ACCESS CATALOGUE (OPAC)

Life of Jonathan wild / (Record no. 911)

MARC details
000 -LEADER
fixed length control field 00365cam a2200145ua 4500
041 ## - LANGUAGE CODE
Language code of text/sound track or separate title eng
082 ## - DEWEY DECIMAL CLASSIFICATION NUMBER
Classification number 823.308
Item number FIE/LI
100 ## - MAIN ENTRY--AUTHOR NAME
Personal name Fielding, Henry .
245 ## - TITLE STATEMENT
Title Life of Jonathan wild /
260 ## - PUBLICATION, DISTRIBUTION, ETC. (IMPRINT)
Place of publication London :
Name of publisher Oxford University Press ,
Year of publication 1961.
300 ## - PHYSICAL DESCRIPTION
Number of Pages 289 ; .
942 ## - ADDED ENTRY ELEMENTS (KOHA)
Koha item type Books
Holdings
Withdrawn status Lost status Damaged status Home library Current library Date acquired Cost, normal purchase price Full call number Accession Number Koha item type Public note
Withdrawn     KAUAET Sanskrit University 07/04/2012 7.60 823.308 6625 Books Transferred to Sanskrit University
free website counter